くら寿司レギュラーメニュー - Statistics

General Stats
  • This quiz has been taken 98 times
  • The average score is 11 of 152
Answer Stats
Answer % Correct
サーモン
77%
いくら
63%
えび
51%
はまち
38%
ハンバーグ
36%
えんがわ(かれい)
36%
鉄火巻
36%
納豆
33%
コーン
32%
あなご
28%
あじ
27%
つぶ貝
23%
赤貝
22%
オニオンサーモン
22%
サラダ
22%
きゅうり巻
22%
やりいか
21%
生えび
19%
ビントロ
17%
いなり
17%
えびアボカド
16%
真いか
14%
赤えび
14%
ねぎまぐろ
14%
くら出汁
14%
たまご焼き
12%
きつねうどん
12%
くらポテト
12%
かにみそ
11%
生たこ
10%
真たこ
10%
ふり塩熟成まぐろ
9%
あぶりチーズサーモン
9%
まぐたく
9%
ツナサラダ
9%
まぐろユッケ
9%
熟成漬けまぐろ
7%
旨だれ牛カルビ
7%
えび天うどん
7%
チョコケーキ
7%
チーズケーキ
7%
真いわし
6%
いかおくら
6%
シーフードサラダ
6%
特製茶碗蒸し
6%
オニオンリング
6%
みかん
6%
えび天にぎり
5%
熟成ふぐ
5%
山かけまぐろ
5%
しんこ巻
5%
りんご
5%
ゆず塩かつおたたき
4%
肉厚とろ〆さば
4%
ゆずかれい
4%
あぶりチーズ豚カルビ
4%
あぶりえびチーズ
4%
大葉えんがわ(かれい)
4%
大葉生たこ
4%
特上まぐろ
4%
特上漬けまぐろ
4%
ふり塩熟成中とろ
4%
旨だれサーモン
4%
旨だれまぐろ
4%
納豆とろろ
4%
えびマヨ
4%
納豆一本巻
4%
大粒いくら(一貫)
4%
とうもろこしのかき揚げ
4%
プリンタルト
4%
ねぎまぐろにぎり
2%
活〆パンガシウス
2%
大葉真いか
2%
イベリコ豚の大とろ
2%
いか天にぎり
2%
【愛媛県産】みかんぶり
2%
牛すき焼き風
2%
チャンジャ
2%
たらマヨ
2%
ねぎまぐろ鉄火
2%
かにマヨ
2%
えび天手巻き(一貫)
2%
胡麻香る担々麺
2%
天然だしうどん(平日限定)
2%
えびブロッコリーサラダ
2%
ハイボール
2%
感動のぷりん
2%
京わらびもち
2%
豆乳アイス
2%
塩だれはまち
1%
大盛り貝柱にぎり
1%
極旨カニカマ
1%
あぶりえびマヨグラタン風
1%
濃厚チェダーチーズ天にぎり
1%
あわびにぎり
1%
オーガニックはまち
1%
大切りはまち
1%
熟成桜鯛
1%
大切り焼きはらす
1%
大切りとろサーモン
1%
ローストビーフ黒トリュフソース
1%
特大切りうなぎ
1%
ふり塩熟成大とろ
1%
【愛媛県産】釜揚げしらす
1%
甘えびマヨ
1%
明太とろろ
1%
まぐろ納豆
1%
明太子柱
1%
かに玉
1%
海鮮うに手巻き(一貫)
1%
かにユッケ
1%
旬の海鮮丼
1%
えび天と季節の天丼
1%
ふり塩熟成まぐろ(シャリなし)
1%
サーモン(シャリなし)
1%
ゆず塩かつおたたき(シャリなし)
1%
フカヒレあんかけ茶碗蒸し
1%
くらポテト(黒トリュフソース)
1%
北海道名物ザンギ
1%
とり皮餃子
1%
おさかなげっと
1%
まぐろ竜田揚げ
1%
ミニころチキン
1%
スーパードライ(生)
1%
マルエフ(生)
1%
ドライゼロα(ノンアルコールビ ール)
1%
冷酒無添蔵
1%
しぼりたて新酒 越乃雪椿
1%
愛媛県産 清見オレンジタルト
1%
濃厚クレームダンジュ
1%
チョコバナナパンケーキ
1%
フルーツ盛り(マンゴー)
1%
冷んやりフルーツ盛り
1%
イタリアンティラミス
1%
大学芋スティック
1%
くらだんご あんこ
1%
くらだんご みたらし
1%
北海道みるくシューアイス
1%
濃厚バニラアイス
1%
チョコアイス
1%
巨峰シャーベット
1%
ぶどうサイダー
1%
あまざけ風サイダー
1%
めろんサイダー
1%
宇治抹茶入り緑茶
1%
乳酸菌ウォーター
1%
プレミアホット珈琲
1%
プレミアアイス珈琲
1%
プレミアホットラテ
1%
プレミアアイスラテ
1%
ビッくらポン!厳選6貫セット
1%
特大切り活〆穴子
1%
No matching quizzes found
Score Distribution
Percent of People with Each Score
Percentile by Number Answered
Your Score History
You have not taken this quiz